High performance polymers /

This book presents the state-of-the-art polymerization, fabrication and application methods of high performance industrial polymers, pertaining specifically to recent developments from the chemistry and engineering perspective. All introductory, monomer, polymerization and fabrication techniques are...

Full description

Bibliographic Details
Main Author: Fink, Johannes Karl
Corporate Author: Knovel (Firm)
Format: eBook
Language:English
Published: Norwich, NY : William Andrew, [2008]
Series:Industrial polymers technology and applications.
Subjects:
Online Access:Connect to the full text of this electronic book

MARC

Tag First Indicator Second Indicator Subfields
LEADER 00000cam a2200000 a 4500
001 in00003834603
005 20190415175439.0
006 m o d
007 cr cn|||||||||
008 090106s2008 nyua ob 001 0 eng c
016 7 |z 014633461  |2 Uk 
019 |a 281603827  |a 311140251  |a 317922735  |a 468761641  |a 551852694  |a 551856415  |a 647803336  |a 671249505  |a 712984204  |a 765800443  |a 823842870  |a 823910990  |a 824098880  |a 824154171 
020 |a 9780815519751 
020 |a 0815519753 
020 |a 9780815517894  |q (electronic bk.) 
020 |a 0815517890  |q (electronic bk.) 
020 |a 6612010983  |q (electronic bk.) 
020 |a 9786612010989  |q (electronic bk.) 
020 |a 9780815519751  |q (electronic bk.) 
020 |a 1282253042 
020 |a 9781282253049 
020 |z 9780815515807  |q (acid-free paper) 
020 |z 0815515804  |q (acid-free paper) 
035 |a (OCoLC)ocn297182546 
035 |a (OCoLC)297182546  |z (OCoLC)281603827  |z (OCoLC)311140251  |z (OCoLC)317922735  |z (OCoLC)468761641  |z (OCoLC)551852694  |z (OCoLC)551856415  |z (OCoLC)647803336  |z (OCoLC)671249505  |z (OCoLC)712984204  |z (OCoLC)765800443  |z (OCoLC)823842870  |z (OCoLC)823910990  |z (OCoLC)824098880  |z (OCoLC)824154171 
037 |b Knovel Corporation.  |n http://www.knovel.com 
040 |a BUF  |b eng  |e pn  |c BUF  |d KNOVL  |d TEF  |d UMC  |d COO  |d N$T  |d CDX  |d IDEBK  |d DEBSZ  |d OCLCQ  |d UPM  |d OCLCQ  |d OPELS  |d OCLNG  |d B24X7  |d QE2  |d E7B  |d SNK  |d YDXCP  |d OCLCQ  |d STF  |d EBLCP  |d OCLCQ  |d UBY  |d KNOVL  |d ZCU  |d N$T  |d KNOVL  |d N$T  |d OCLCQ  |d OCLCF  |d OCLCQ  |d KNOVL  |d OCLCQ  |d UtOrBLW 
042 |a pcc 
049 |a TXAM 
050 4 |a TP1087  |b .F56 2008eb 
072 7 |a TEC  |x 021000  |2 bisacsh 
072 7 |a TDCP  |2 bicssc 
082 0 4 |a 620.1/92  |2 22 
100 1 |a Fink, Johannes Karl.  |0 http://id.loc.gov/authorities/names/n2003007640 
245 1 0 |a High performance polymers /  |c Johannes Karl Fink. 
264 1 |a Norwich, NY :  |b William Andrew,  |c [2008] 
264 4 |c ©2008 
300 |a 1 online resource (xx, 609 pages) :  |b illustrations. 
336 |a text  |b txt  |2 rdacontent 
337 |a computer  |b c  |2 rdamedia 
338 |a online resource  |b cr  |2 rdacarrier 
490 1 |a Industrial polymers technology and applications 
504 |a Includes bibliographical references and index. 
505 0 |a Chapter 1. Carbazole Polymer -- Chapter 2. Poly(p-xylylene)s -- Chapter 3. Poly(arylene vinylene)s -- Chapter 4. Poly(phenylene ether)s -- Chapter 5. Poly(phenylene sulfide) -- Chapter 6. Poly(aryl ether ketone)s -- Chapter 7. Poly(arylene ether sulfone)s -- Chapter 8. Poly(arylene ether nitrile)s -- Chapter 8. Poly(arylene ether nitrile)s -- Chapter 10. Poly(oxadiazole)s -- Chapter 11. Poly(naphthalates) -- Chapter 12. Poly(phthalamide)s -- Chapter 13. Aramids -- Chapter 14. Poly(amide imide)s -- Chapter 15. Poly(imide)s -- Chapter 16. Liquid Crystal Polymers. 
520 |a This book presents the state-of-the-art polymerization, fabrication and application methods of high performance industrial polymers, pertaining specifically to recent developments from the chemistry and engineering perspective. All introductory, monomer, polymerization and fabrication techniques are reviewed, and basic information is provided to help demystify the more advanced material. Chapters are arranged according to chemical constitution of the individual classes, starting with main chain carbon-carbon polymers and leading to ether-containing, sulphur-containing, and so on. Special additives, suppliers and commercial grades, safety, environmental impact and recycling are also explained. Commercially available polymers are listed throughout the book. 
588 0 |a Print version record. 
500 |a Electronic resource. 
650 0 |a Polymer engineering.  |0 http://id.loc.gov/authorities/subjects/sh2007000479 
650 0 |a Polymers  |x Industrial applications. 
650 7 |a TECHNOLOGY & ENGINEERING  |x Material Science.  |2 bisacsh 
650 7 |a Polymer engineering.  |2 fast  |0 (OCoLC)fst01742156 
650 7 |a Polymers  |x Industrial applications.  |2 fast  |0 (OCoLC)fst01070623 
655 7 |a Electronic books.  |2 local 
710 2 |a Knovel (Firm)  |0 http://id.loc.gov/authorities/names/nr2001027264 
776 1 8 |i Print version:  |a Fink, Johannes Karl.  |t High performance polymers.  |d Norwich, NY : William Andrew, ©2008  |z 9780815515807  |w (DLC) 2008001312  |w (OCoLC)191024009 
830 0 |a Industrial polymers technology and applications.  |0 http://id.loc.gov/authorities/names/no2008149773 
856 4 0 |u http://proxy.library.tamu.edu/login?url=http://app.knovel.com/hotlink/toc/id:kpHPP00013/high-performance-polymers  |z Connect to the full text of this electronic book  |t 0 
887 |a ProductForm=DG  |2 onix 
999 f f |s 0fdc2e19-34b8-3c2c-a47b-d93c6a35b806  |i 06de158b-dc99-33ed-a72c-281623135018  |t 0 
952 f f |a Texas A&M University  |b College Station  |c Electronic Resources  |d Available Online  |t 0  |e TP1087 .F56 2008eb  |h Library of Congress classification 
998 f f |a TP1087 .F56 2008eb  |t 0  |l Available Online